000 00717nam a22002177a 4500
999 _c4905
_d4905
003 AR-CdUCM
008 190311b ||||| |||| 00| 0 spa d
040 _aMUNICIPALIDAD PROVINCIAL DEL CUSCO
_cBIBLIOTECA MUNICIPAL DEL CUSCO
082 _a867.71 /
_bU66
100 _aUrondo, Francisco
_915073
245 _aTrelew /
260 _aCuba :
_bInstituto cubano del libro,
_c1976.
300 _a175 páginas ;
_c15 cm.
500 _aDonación familia Luis Nieto
505 _aContenido: La entrevista -- Conferencia de prensa en el aeropuerto trelew Los caídos -- Gloria.
650 _aHistoria argentina
_97712
650 _aLa habana
_92308
650 _aRevolución
_9844
942 _2ddc
_cLIBROS
945 _adavv